00400nam a2200157 450000500170000001000150001702000260003203500140005803700090007210000190008124500280010026000290012827000470015730000200020470000180022420260413120408.0 aENG-148023 a9788199222632c795.00 aEN-131555 bDBAD aSingh, Vandana aWomen in Panchayati Raj aNew DelhibVandana Singh a111,Street No. 4, Harphool Vihar, Bapraula a215Pgc23cm(pb) aVandana Singh